000 00370nam a2200145Ia 4500
008 230711s9999||||xx |||||||||||||| ||und||
041 _aENG
082 _a540
_bBA-M
100 _aBarrow,G.M
245 0 _aIntroduction to molecular spectroscopy
250 _a1st . Ed.
260 _c1964
_aNew York
_bTata McGraw Hill Education Limited
650 _aChemistry
942 _cBK
999 _c942
_d942